Relaciones entre tratados de derecho internacional privado en materia de cooperación judicial internacional /
Guardado en:
| Autor Principal: | |
|---|---|
| Formato: | Libro |
| Idioma: | Undetermined |
| Publicado: |
Ciudad Autónoma de Buenos Aires :
Eudeba, Departamento de publicaciones UBA,
2018.
|
| Edición: | 1a. ed. |
| Series: | Serie Tesis
|
| Materias: | |
| Etiquetas: |
Agregar Etiqueta
Sin Etiquetas, Sea el primero en etiquetar este registro!
|
| LEADER | 00723nam a22001935a 4500 | ||
|---|---|---|---|
| 001 | DER.der013811 | ||
| 008 | 190319s2018####ag############000#0#und#d | ||
| 005 | 20240315134844.0 | ||
| 245 | 1 | 0 | |a Relaciones entre tratados de derecho internacional privado en materia de cooperación judicial internacional / |c María Blanca Noodt Taquela. |
| 250 | |a 1a. ed. | ||
| 260 | |a Ciudad Autónoma de Buenos Aires : |b Eudeba, Departamento de publicaciones UBA, |c 2018. | ||
| 300 | |a 404 p. | ||
| 490 | 0 | |a Serie Tesis | |
| 020 | |a 9789502328607 | ||
| 100 | 1 | |a Noodt Taquela, María Blanca. | |
| 650 | 7 | |a COOPERACION JUDICIAL | |
| 650 | 7 | |a TRATADOS INTERNACIONALES | |
| 650 | 7 | |a CONVENCIONES INTERNACIONALES | |
| 859 | |a DERECHO |b BIB. DERECHO |h 346 |i NOO |p 004285 | ||
